Carregando...

Jalsaghar/

Detalhes bibliográficos
Autor principal: Tarashankar Bandyopadhyaya
Outros Autores: Ranganath Rakesh (tr.)
Formato: Printed Book
Publicado em: New Delhi: Bharatiya Jnanpith, 1992.
Edição:4th
Assuntos:
LEADER 00688nam a22001931a 4500
082 |a H301 (ITr.)  |b TAR/J 
100 |a Tarashankar Bandyopadhyaya  |9 166791 
245 |a Jalsaghar/  |c by Tarashankar Bandyopadhyaya  
250 |a 4th 
260 |a New Delhi:  |b Bharatiya Jnanpith,  |c 1992. 
300 |a 252p. 
650 |a Stories Translation Bangla  |9 166792 
650 |a Stories Hindi  |9 166793 
650 |a Literature Hindi  |9 166794 
650 |a Literature  |9 166795 
700 |a Ranganath Rakesh (tr.)  |9 166796 
942 |c BK 
999 |c 21422  |d 21422 
952 |0 0  |1 0  |4 0  |6 H_301_000000000000000_ITR__TAR_J  |7 0  |9 30048  |a SSUS  |b SSUS  |d 2015-01-08  |g 50.00  |o H301 (ITr.) TAR/J  |p 034191  |r 2015-01-08  |v 0.00  |w 2015-01-08  |y BK